000 00864cam a22002533a 4500
001 24469
003 PGUSA
005 20140828083526.0
008 080131s2008||||xxu|||||s|||||000 | eng d
040 _aPGUSA
_beng
042 _adc
050 4 _aE456
100 1 _aHuse, Caleb,
_d1831-1905
245 1 4 _aThe Supplies for the Confederate Army, :
_bhow they were obtained in Europe and how paid for.
_h[electronic resource] /
_cCaleb Huse
260 _bProject Gutenberg,
_c2008
506 _aPublic domain in the USA.
516 _aElectronic text
653 _aConfederate States of America. Army -- Supplies and stores
653 _aUnited States -- History -- Civil War, 1861-1865
653 _aConfederate States of America -- Foreign relations
830 0 _aProject Gutenberg
_v24469
856 4 0 _uhttp://www.gutenberg.org/ebooks/24469
942 _cEB
999 _c253724
_d253724